Movies Quiz

Random Movies or Role Quiz

That Prop's a Real Character Quiz Stats

 Plays Quiz Updated Oct 24, 2017

Also try: Movie by Object
Challenge
Share
Tweet
Embed
Score 0/18 Timer 06:00
2 Plays Today
% Correct
Cast Away
95.5%
Star Wars: The Force Awakens
95.2%
Ice Age
90.9%
Airplane!
90.5%
Full Metal Jacket
89.1%
The Absent-Minded Professor
84.2%
Sweeney Todd: The Demon Barber of Fleet Street
83.4%
Lars and the Real Girl
81.9%
Gone in Sixty Seconds
80.2%
% Correct
The Omega Man|I Am Legend
74.8%
Monsters vs. Aliens
71.7%
Iron Man
71.2%
The Living Daylights
69.6%
Rango
65.4%
Léon: The Professional
57.6%
Stranger Than Fiction
54.1%
Oblivion
48.6%
Mystery Men
46.8%

You're not logged in!

Compare scores with friends on all Sporcle quizzes.
OR
Log In

You Might Also Like...

Show Comments

Extras

Top Quizzes Today


Score Distribution

Your Account Isn't Verified!

In order to create a playlist on Sporcle, you need to verify the email address you used during registration. Go to your Sporcle Settings to finish the process.

Report this User

Report this user for behavior that violates our Community Guidelines.

Details: